| 000 | 00559nam a22001815i 4500 | ||
|---|---|---|---|
| 001 | 171795 | ||
| 003 | ES-MaACL | ||
| 005 | 20231226204639.0 | ||
| 008 | 090601s1979 sp |||| | spa d | ||
| 080 | _a929 Pérez de Ayala, Ramón | ||
| 100 | 1 |
_aSolís, Jesús-Andrés. _9107213 |
|
| 245 | 1 | 0 |
_aVida de Ramón Pérez de Ayala / _cJesús-Andrés Solís. |
| 260 |
_a[Oviedo : _bEl autor, _c1979] |
||
| 300 |
_a193 p. ; _c17 cm. |
||
| 600 | 1 | 4 |
_aPérez de Ayala, Ramón, _d1880-1962 _990763 |
| 852 |
_aES-MaACL _jL-7955 _9R.108328 |
||
| 999 |
_c171795 _d171795 |
||